[Event "Reykjavik Open 2016"]
[Site "Reykjavik ISL"]
[Date "2016.03.16"]
[Round "10.3"]
[White "Andreikin, Dmitry"]
[Black "Jones, Gawain C B"]
[Result "1-0"]
[WhiteTitle "GM"]
[BlackTitle "GM"]
[WhiteElo "2732"]
[BlackElo "2645"]
[WhiteFideId "4158814"]
[BlackFideId "409561"]
[EventDate "2016.03.08"]

1. d4 Nf6 2. c4 g6 3. Nc3 Bg7 4. e4 d6 5. h3 O-O 6. Be3 c5 7. Nf3 cxd4 8. Nxd4
Nc6 9. Be2 Nxd4 10. Bxd4 Bd7 11. O-O Bc6 12. Qc2 a5 13. Rad1 Nd7 14. Bxg7 Kxg7
15. Bg4 Nc5 16. e5 f5 17. Be2 Ne6 18. Rfe1 Qc7 19. exd6 exd6 20. Nd5 Bxd5 21.
Rxd5 Nf4 22. Qc3+ Rf6 23. Rb5 Re8 24. Bf1 Rxe1 25. Qxe1 b6 26. Qe3 d5 27. c5
bxc5 28. Rxc5 Qd6 29. Rxa5 d4 30. Qd2 Qc7 31. b4 Ne6 32. Ra6 f4 33. b5 f3 34. b6
Qc6 35. Qb2 Qe4 36. b7 fxg2 37. Bxg2 Qe1+ 38. Kh2 Qe5+ 39. Kg1 Qe1+ 40. Bf1 Rf5
41. Qe2 Rg5+ 42. Kh1 Qb1 43. Rxe6 Qxb7+ 44. Qe4 Qb2 45. Re7+ Kh6 46. Qh4+ Rh5
47. Qf4+ Rg5 48. h4 1-0

[Event "Reykjavik Open 2016"]
[Site "Reykjavik ISL"]
[Date "2016.03.16"]
[Round "10.4"]
[White "Rapport, Richard"]
[Black "Bromberger, Stefan"]
[Result "1-0"]
[WhiteTitle "GM"]
[BlackTitle "GM"]
[WhiteElo "2720"]
[BlackElo "2532"]
[WhiteFideId "738590"]
[BlackFideId "4635248"]
[EventDate "2016.03.08"]

1. Nf3 d5 2. g3 Bg4 3. Bg2 c6 4. O-O Nf6 5. c4 e6 6. d4 Nbd7 7. Qb3 Qb6 8. Nc3
Be7 9. Re1 O-O 10. c5 Qc7 11. Bf4 Qc8 12. Rac1 h6 13. e4 dxe4 14. Nxe4 Nxe4 15.
Rxe4 Nf6 16. Ree1 Nd5 17. Bd2 Bxf3 18. Qxf3 Rd8 19. h4 Bf6 20. Re4 Rd7 21. Rg4
h5 22. Re4 Be7 23. Re5 Nf6 24. Bc3 Qd8 25. Qe2 g6 26. Qc4 Nd5 27. Re4 Bf6 28. a4
Bg7 29. Bh3 Qc7 30. Bd2 Rad8 31. Bg5 Bf6 32. b4 a6 33. Rce1 Kg7 34. Bc1 b5 35.
axb5 axb5 36. Qc2 Rh8 37. Bd2 Qd8 38. Ra1 Ne7 39. Qb2 Nf5 40. Bc3 Rd5 41. Bg2
Rxd4 42. Rxd4 Bxd4 43. Rd1 e5 44. Bxd4 Nxd4 45. Bxc6 g5 46. hxg5 h4 47. f4 Qc7
48. Rxd4 exd4 49. Qxd4+ Kg8 50. Qf6 hxg3 51. g6 fxg6 52. Bd5+ Kh7 53. Bf7 1-0

[Event "Reykjavik Open 2016"]
[Site "Reykjavik ISL"]
[Date "2016.03.16"]
[Round "10.5"]
[White "Melkumyan, Hrant"]
[Black "Di Berardino, Diego Rafael"]
[Result "1-0"]
[WhiteTitle "GM"]
[BlackTitle "IM"]
[WhiteElo "2653"]
[BlackElo "2511"]
[WhiteFideId "13302485"]
[BlackFideId "2105446"]
[EventDate "2016.03.08"]

1. c4 g6 2. d4 Nf6 3. Nf3 Bg7 4. g3 O-O 5. Bg2 d6 6. O-O Nbd7 7. Nc3 e5 8. h3
Re8 9. e4 a6 10. Be3 exd4 11. Nxd4 Rb8 12. a4 Nc5 13. Qc2 a5 14. Rad1 Bd7 15.
Ndb5 Bxb5 16. cxb5 b6 17. Rfe1 Re6 18. Bxc5 bxc5 19. e5 Qe7 20. exf6 Rxe1+ 21.
Kh2 Bxf6 22. Nd5 Qe2 23. Nxf6+ Kg7 24. Rd2 1-0

[Event "Reykjavik Open 2016"]
[Site "Reykjavik ISL"]
[Date "2016.03.16"]
[Round "10.6"]
[White "Movsesian, Sergei"]
[Black "Liang, Awonder"]
[Result "1-0"]
[WhiteTitle "GM"]
[BlackTitle "IM"]
[WhiteElo "2653"]
[BlackElo "2405"]
[WhiteFideId "310204"]
[BlackFideId "2056437"]
[EventDate "2016.03.08"]

1. c4 Nf6 2. Nc3 e5 3. g3 Nc6 4. Bg2 g6 5. e3 Bg7 6. Nge2 O-O 7. O-O d6 8. d3
Be6 9. Nd5 Qd7 10. f4 Ne8 11. Bd2 Bh3 12. Bxh3 Qxh3 13. Qb3 Rb8 14. Rf2 Qd7 15.
f5 gxf5 16. Raf1 Nf6 17. Nec3 Nxd5 18. Nxd5 f4 19. gxf4 f5 20. Bc3 Kh8 21. Rg2
Rf7 22. Kh1 Ne7 23. Rfg1 Ng6 24. c5 c6 25. Nb4 dxc5 26. Nxc6 Qxc6 27. Qxf7 Rf8
28. Qb3 Nh4 29. Qc2 b5 30. fxe5 Nxg2 31. Rxg2 Qf3 32. b4 cxb4 33. Bxb4 Rg8 34.
e6 Qxe3 35. e7 h6 36. Qc6 f4 37. Bc3 f3 38. Bxg7+ Kh7 39. Qg6# 1-0

[Event "Reykjavik Open 2016"]
[Site "Reykjavik ISL"]
[Date "2016.03.16"]
[Round "10.7"]
[White "Kjartansson, Gudmundur"]
[Black "Grandelius, Nils"]
[Result "0-1"]
[WhiteTitle "IM"]
[BlackTitle "GM"]
[WhiteElo "2446"]
[BlackElo "2646"]
[WhiteFideId "2301318"]
[BlackFideId "1710400"]
[EventDate "2016.03.08"]

1. c4 e5 2. g3 c6 3. Nf3 e4 4. Nd4 d5 5. cxd5 Qxd5 6. e3 Bc5 7. Nc3 Qe5 8. Nb3
Bb6 9. d4 exd3 10. Qxd3 Nf6 11. Bg2 O-O 12. Qe2 Rd8 13. O-O Bg4 14. f3 Bf5 15.
Rd1 Na6 16. Kh1 Rxd1+ 17. Nxd1 Nc5 18. Nxc5 Qxc5 19. Qe1 Be6 20. Nc3 Rd8 21. e4
Rd3 22. Bf4 Qd4 23. Qe2 Nh5 24. Rd1 Nxf4 25. gxf4 Rxd1+ 26. Qxd1 Qxd1+ 27. Nxd1
Bxa2 28. Bh3 Bd4 29. Bc8 Bb3 0-1

[Event "Reykjavik Open 2016"]
[Site "Reykjavik ISL"]
[Date "2016.03.16"]
[Round "10.8"]
[White "Tania, Sachdev"]
[Black "Beliavsky, Alexander G"]
[Result "1/2-1/2"]
[WhiteTitle "IM"]
[BlackTitle "GM"]
[WhiteElo "2370"]
[BlackElo "2630"]
[WhiteFideId "5007844"]
[BlackFideId "14602377"]
[EventDate "2016.03.08"]

1. d4 Nf6 2. c4 c6 3. Nf3 d5 4. Nc3 e6 5. g3 dxc4 6. Bg2 Nbd7 7. O-O Be7 8. a4
O-O 9. a5 b5 10. axb6 Qxb6 11. Qa4 a5 12. Nd2 Qxd4 13. Qxc6 Rb8 14. Qxc4 Qa7 15.
Qa2 Bb4 16. Nc4 Bb7 17. Be3 Qa6 18. Bxb7 Qxb7 19. Nxa5 Bxa5 20. Qxa5 Qxb2 21.
Rab1 Qc2 22. Rxb8 Rxb8 23. Rc1 Qg6 24. Bf4 Rc8 25. Qa6 Rf8 26. Qc6 h6 27. Rd1
Qc2 28. Rd2 Qc1+ 29. Kg2 Ne5 30. Qc7 Ng6 31. Rd8 Nxf4+ 32. gxf4 Rxd8 33. Qxd8+
Kh7 34. Qd3+ Kh8 35. Qd8+ Ng8 36. Qc7 Qc2 37. Qe5 Ne7 38. Qb8+ Ng8 39. Qe5 Qg6+
40. Kf1 Ne7 41. Qb8+ Kh7 42. Qb7 Nf5 43. Nb5 Qh5 44. Qg2 Qh4 45. e3 Qd8 46. Qe4
Qd1+ 47. Kg2 g6 48. Nd4 Qg4+ 49. Kf1 Qd1+ 50. Kg2 Qg4+ 51. Kf1 Nh4 52. Ke1 Qg1+
53. Ke2 Nf5 54. Nxf5 gxf5 55. Qb7 Kg6 56. h3 Qc1 57. Qg2+ Kf6 58. Qg8 Qc4+ 1/2-1/2

[Event "Reykjavik Open 2016"]
[Site "Reykjavik ISL"]
[Date "2016.03.16"]
[Round "10.9"]
[White "Petrov, Nikita"]
[Black "Grigoriants, Sergey"]
[Result "0-1"]
[WhiteTitle "IM"]
[BlackTitle "GM"]
[WhiteElo "2464"]
[BlackElo "2587"]
[WhiteFideId "4101286"]
[BlackFideId "4130804"]
[EventDate "2016.03.08"]

1. Nf3 Nf6 2. g3 g6 3. Bg2 Bg7 4. d4 O-O 5. O-O d6 6. Nc3 Nbd7 7. a4 d5 8. a5
Nb8 9. Ne5 Bf5 10. Bf4 Na6 11. Qd2 c6 12. Rfe1 Nd7 13. Nf3 Nf6 14. Ne5 Nd7 15.
Rad1 Nxe5 16. dxe5 Qxa5 17. Bh6 Rad8 18. Bxg7 Kxg7 19. Qe3 Nb4 20. Qf4 Nxc2 21.
Rf1 Qb4 22. e4 dxe4 23. Bxe4 Bxe4 24. Nxe4 Nd4 25. Kg2 Ne6 26. Qh4 Rd5 27. Ra1 0-1

[Event "Reykjavik Open 2016"]
[Site "Reykjavik ISL"]
[Date "2016.03.16"]
[Round "10.10"]
[White "Tari, Aryan"]
[Black "Sarkar, Justin"]
[Result "1-0"]
[WhiteTitle "IM"]
[BlackTitle "IM"]
[WhiteElo "2553"]
[BlackElo "2426"]
[WhiteFideId "1510045"]
[BlackFideId "2010011"]
[EventDate "2016.03.08"]

1. e4 c5 2. Nf3 d6 3. d4 cxd4 4. Nxd4 Nf6 5. Nc3 a6 6. Bg5 Nbd7 7. Qe2 e6 8. f4
Qc7 9. O-O-O b5 10. a3 Be7 11. g4 h6 12. Bh4 Rb8 13. Bg2 b4 14. axb4 Rxb4 15.
Be1 Qb6 16. Bf2 Qc7 17. h4 h5 18. g5 Ng4 19. Be1 Qb6 20. Nd5 exd5 21. Bxb4 Qxb4
22. exd5 Nb8 23. Rh3 Qa5 24. Rb3 Qa1+ 25. Kd2 Qa5+ 26. c3 Qc7 27. Re1 1-0

[Event "Reykjavik Open 2016"]
[Site "Reykjavik ISL"]
[Date "2016.03.16"]
[Round "10.11"]
[White "Sargissian, Gabriel"]
[Black "Thorfinnsson, Bragi"]
[Result "1-0"]
[WhiteTitle "GM"]
[BlackTitle "IM"]
[WhiteElo "2702"]
[BlackElo "2419"]
[WhiteFideId "13300881"]
[BlackFideId "2300958"]
[EventDate "2016.03.08"]

1. Nf3 Nf6 2. c4 b6 3. d4 e6 4. e3 Bb7 5. Nc3 Bb4 6. Bd3 Ne4 7. Qc2 f5 8. O-O
Bxc3 9. bxc3 d6 10. Nd2 Qh4 11. f3 Nxd2 12. Bxd2 O-O 13. c5 Nd7 14. cxd6 cxd6
15. Be1 Qg5 16. Bg3 d5 17. Rfe1 h5 18. Qf2 Rac8 19. Bh4 Qg6 20. Rac1 e5 21. Bb5
Bc6 22. Ba6 Rce8 23. c4 f4 24. cxd5 fxe3 25. Rxe3 Bxd5 26. Bb5 exd4 27. Rxe8
Qxe8 28. Qxd4 Qe5 29. Rd1 1-0

[Event "Reykjavik Open 2016"]
[Site "Reykjavik ISL"]
[Date "2016.03.16"]
[Round "10.12"]
[White "Holm, Kristian Stuvik"]
[Black "Agdestein, Simen"]
[Result "1/2-1/2"]
[WhiteTitle "IM"]
[BlackTitle "GM"]
[WhiteElo "2414"]
[BlackElo "2610"]
[WhiteFideId "1508083"]
[BlackFideId "1500015"]
[EventDate "2016.03.08"]

1. d4 Nf6 2. c4 e6 3. Nf3 b6 4. g3 Ba6 5. Qb3 c6 6. Bf4 d5 7. cxd5 Nxd5 8. Bd2
Be7 9. e4 Bxf1 10. Kxf1 Nf6 11. Nc3 O-O 12. Kg2 Qd7 13. Rad1 Rd8 14. Rhe1 Na6
15. Bf4 b5 16. Ne5 Qb7 17. f3 b4 18. a3 Nd7 19. Nc4 Nb6 20. axb4 Bxb4 21. Re3 c5
22. d5 exd5 23. Nxd5 Nxc4 24. Qxc4 Ba5 25. Bg5 Re8 26. Rb3 Bb6 27. Ne7+ Kf8 28.
Nf5 Nb4 29. Qc3 f6 30. Bxf6 gxf6 31. Qxf6+ Qf7 32. Qh8+ Qg8 33. Qf6+ Qf7 34.
Qd6+ Re7 35. Qh6+ Kg8 36. Qg5+ Kf8 37. Qh6+ Kg8 38. Qg5+ Kf8 39. Qh6+ 1/2-1/2

[Event "Reykjavik Open 2016"]
[Site "Reykjavik ISL"]
[Date "2016.03.16"]
[Round "10.13"]
[White "Korley, Kassa"]
[Black "Gretarsson, Hjorvar Steinn"]
[Result "0-1"]
[WhiteTitle "IM"]
[BlackTitle "GM"]
[WhiteElo "2412"]
[BlackElo "2572"]
[WhiteFideId "2033801"]
[BlackFideId "2302241"]
[EventDate "2016.03.08"]

1. d4 Nf6 2. Nf3 e6 3. c4 d5 4. g3 Bb4+ 5. Nbd2 dxc4 6. a3 Bxd2+ 7. Bxd2 a6 8.
a4 b6 9. Qc2 Bb7 10. Qxc4 Bd5 11. Qd3 Be4 12. Qa3 Nc6 13. Rc1 Bxf3 14. Qxf3 Nxd4
15. Qd3 Qd5 16. Rg1 Rd8 17. Bg2 Qd6 18. Bc3 O-O 19. Bxd4 Qxd4 20. Qxd4 Rxd4 21.
Rxc7 Rfd8 22. Rc1 Rxa4 23. f4 Ra2 24. Rb1 Rd4 0-1

[Event "Reykjavik Open 2016"]
[Site "Reykjavik ISL"]
[Date "2016.03.16"]
[Round "10.14"]
[White "Christiansen, Johan-Sebastian"]
[Black "Brunello, Sabino"]
[Result "0-1"]
[WhiteTitle "IM"]
[BlackTitle "GM"]
[WhiteElo "2401"]
[BlackElo "2567"]
[WhiteFideId "1512668"]
[BlackFideId "813613"]
[EventDate "2016.03.08"]

1. Nf3 b6 2. e4 Bb7 3. Nc3 Nf6 4. e5 Nd5 5. Nxd5 Bxd5 6. d4 c5 7. dxc5 e6 8.
cxb6 Qxb6 9. Be2 Nc6 10. O-O Rc8 11. b3 Bxf3 12. Bxf3 Nxe5 13. c4 Be7 14. Bb2
Bf6 15. Rb1 d6 16. Be4 O-O 17. Re1 Rfd8 18. Re3 Nd7 19. Rh3 h6 20. Bc1 Bd4 21.
Be3 Bxe3 22. Rxe3 Nf6 23. Rb2 Rxc4 24. Bd3 Rd4 25. Rd2 e5 26. Bf1 Rxd2 27. Qxd2
Rc8 28. a4 a5 29. Rf3 Rc5 30. h3 d5 31. Bb5 Ne4 32. Qe3 Qc7 33. Kh2 Nd6 34. Bf1
e4 35. Rf4 Nf5 36. Qxc5 Qxc5 37. Rxf5 g6 38. Rf6 Kg7 39. Ra6 Qxf2 0-1

[Event "Reykjavik Open 2016"]
[Site "Reykjavik ISL"]
[Date "2016.03.16"]
[Round "10.15"]
[White "Ramirez, Alejandro"]
[Black "Lehner, Oliver"]
[Result "1-0"]
[WhiteTitle "GM"]
[BlackTitle "IM"]
[WhiteElo "2564"]
[BlackElo "2418"]
[WhiteFideId "6500617"]
[BlackFideId "1602560"]
[EventDate "2016.03.08"]

1. Nf3 Nf6 2. c4 g6 3. g3 Bg7 4. Bg2 O-O 5. d4 d6 6. Nc3 Nc6 7. O-O a6 8. Bf4
Bf5 9. Rc1 Ne4 10. Nxe4 Bxe4 11. d5 Nb8 12. Qd2 Nd7 13. Bh6 c5 14. dxc6 bxc6 15.
Bxg7 Kxg7 16. Qd4+ Nf6 17. c5 Bxf3 18. Bxf3 d5 19. Qa4 Qc7 20. e4 a5 21. exd5
cxd5 22. c6 Rfb8 23. Rc5 Rxb2 24. Bxd5 Qb6 25. Qc4 Rc8 26. Rc1 e6 27. Bf3 Rc7
28. a3 Rb3 29. Rc3 Rb1+ 30. Kg2 Qb2 31. Qf4 Qb6 32. Qe5 h6 33. h4 h5 34. Bxh5
gxh5 35. Qg5+ Kh7 36. Qxf6 Rb5 37. Rg5 1-0

[Event "Reykjavik Open 2016"]
[Site "Reykjavik ISL"]
[Date "2016.03.16"]
[Round "10.16"]
[White "Kavutskiy, Konstantin"]
[Black "Shabalov, Alexander"]
[Result "0-1"]
[WhiteTitle "FM"]
[BlackTitle "GM"]
[WhiteElo "2369"]
[BlackElo "2520"]
[WhiteFideId "2026384"]
[BlackFideId "2008572"]
[EventDate "2016.03.08"]

1. d4 Nf6 2. c4 g6 3. Nc3 Bg7 4. e4 d6 5. f3 O-O 6. Nge2 c5 7. d5 e6 8. Ng3 exd5
9. cxd5 Ne8 10. Bf4 a6 11. a4 h5 12. Qd2 h4 13. Nge2 f5 14. Bg5 Bf6 15. Bh6 Ng7
16. g3 Nd7 17. f4 c4 18. Nd4 Nc5 19. Bxc4 Qb6 20. Ne6 Qb4 21. Bxg7 Bxg7 22. Nxc5
Qxc4 23. Ne6 Bxe6 24. dxe6 Qxe6 25. Qd5 Rfe8 26. Kd2 fxe4 27. Qxe6+ Rxe6 28. Nd5
Rc8 29. Rac1 Rc5 30. Ne3 Bxb2 31. Rxc5 dxc5 32. Rb1 Rd6+ 33. Ke2 Bc3 34. Nc4 Rd4
35. Ne5 Rxa4 36. Rxb7 Bd4 37. Nxg6 Ra2+ 38. Kd1 e3 39. Re7 h3 0-1

[Event "Reykjavik Open 2016"]
[Site "Reykjavik ISL"]
[Date "2016.03.16"]
[Round "10.17"]
[White "Antal, Tibor Kende"]
[Black "Ly, Moulthun"]
[Result "1/2-1/2"]
[WhiteTitle "FM"]
[BlackTitle "IM"]
[WhiteElo "2406"]
[BlackElo "2500"]
[WhiteFideId "738581"]
[BlackFideId "3204405"]
[EventDate "2016.03.08"]

1. e4 e5 2. Nf3 Nc6 3. Bb5 a6 4. Ba4 Nf6 5. O-O Be7 6. Re1 b5 7. Bb3 O-O 8. h3
Bb7 9. d3 d5 10. exd5 Nxd5 11. Nc3 Nxc3 12. bxc3 Bf6 13. Ba3 Re8 14. Nd2 Na5 15.
Ne4 Be7 16. Qh5 Nxb3 17. axb3 Bxa3 18. Rxa3 Bxe4 19. Rxe4 Qd6 20. Ra1 g6 21. Qh6
f5 22. Rh4 Re7 23. c4 Rae8 24. Re1 Qf6 25. Re3 c6 26. g4 f4 27. Re4 a5 28. c5
Ra8 29. d4 exd4 30. g5 Qg7 31. Rhxf4 a4 32. Qxg7+ Rxg7 33. Re1 Rd7 34. bxa4 bxa4
35. Ra1 Rd5 36. h4 a3 37. Ra2 Kg7 38. Kf1 h6 39. gxh6+ Kxh6 40. Ke2 Rxc5 41.
Rxd4 Kh5 42. c4 Re5+ 43. Kf3 Ra4 44. Kg3 Re1 45. Rd8 Rg1+ 46. Kh3 Kh6 47. Rh8+
Kg7 48. Rc8 Rxc4 49. Rxa3 Rh1+ 50. Kg3 Rhxh4 51. Ra7+ Kf6 52. Rxc6+ Rxc6 1/2-1/2

[Event "Reykjavik Open 2016"]
[Site "Reykjavik ISL"]
[Date "2016.03.16"]
[Round "10.18"]
[White "Braun, Christian2"]
[Black "Andersen, Mads"]
[Result "1/2-1/2"]
[WhiteTitle "IM"]
[BlackTitle "IM"]
[WhiteElo "2386"]
[BlackElo "2479"]
[WhiteFideId "4692098"]
[BlackFideId "1413864"]
[EventDate "2016.03.08"]

1. e4 e6 2. d4 d5 3. Nd2 c5 4. exd5 Qxd5 5. dxc5 Nf6 6. Nb3 Qxd1+ 7. Kxd1 Bd7 8.
Nf3 Ba4 9. Nfd4 a6 10. Be2 Nc6 11. Nxc6 Bxc6 12. f3 Ba4 13. Be3 Rc8 14. Rc1 Nd7
15. Kd2 Nxc5 16. Nxc5 Bxc5 17. b3 Bd7 18. Bxc5 Rxc5 19. c4 Ke7 20. b4 Rc7 21.
Rc3 a5 22. a3 axb4 23. axb4 Ra8 24. Rb1 Ra2+ 25. Rc2 Ra3 26. Rc3 Ra2+ 27. Rc2
Ra3 28. Rc3 1/2-1/2

[Event "Reykjavik Open 2016"]
[Site "Reykjavik ISL"]
[Date "2016.03.16"]
[Round "10.19"]
[White "Kristjansson, Stefan"]
[Black "Koop, Thorben"]
[Result "0-1"]
[WhiteTitle "GM"]
[BlackTitle "IM"]
[WhiteElo "2478"]
[BlackElo "2416"]
[WhiteFideId "2301172"]
[BlackFideId "24661619"]
[EventDate "2016.03.08"]

1. e4 c5 2. Nf3 Nc6 3. Bb5 d6 4. O-O Bd7 5. Re1 Nf6 6. c3 a6 7. Bf1 Bg4 8. d4
cxd4 9. cxd4 Bxf3 10. gxf3 d5 11. e5 Nh5 12. e6 f5 13. Nc3 g6 14. Qb3 Bg7 15.
Qxb7 Nxd4 16. Nxd5 Rb8 17. Qa7 Nxf3+ 18. Kh1 Nxe1 19. Bc4 Nf3 20. Be3 O-O 21.
Rd1 Kh8 22. Be2 Ne5 23. Nxe7 Qe8 24. Bxh5 gxh5 25. Qc7 Qa4 26. Rd4 Qxa2 27. Nd5
Rg8 28. Rd1 Qa4 29. Nc3 Qc6+ 30. Qxc6 Nxc6 0-1

[Event "Reykjavik Open 2016"]
[Site "Reykjavik ISL"]
[Date "2016.03.16"]
[Round "10.20"]
[White "Paehtz, Elisabeth"]
[Black "Vuilleumier, Alexandre"]
[Result "1/2-1/2"]
[WhiteTitle "IM"]
[BlackTitle "IM"]
[WhiteElo "2474"]
[BlackElo "2366"]
[WhiteFideId "4641833"]
[BlackFideId "1305662"]
[EventDate "2016.03.08"]

1. Nf3 d6 2. d4 f5 3. c4 Nf6 4. Bg5 Ne4 5. h4 c5 6. Nc3 h6 7. Bd2 Nd7 8. h5 e6
9. e3 Be7 10. Bd3 Nxd2 11. Qxd2 O-O 12. Qc2 cxd4 13. exd4 Bg5 14. Nb5 Nb6 15.
Nxg5 Qxg5 16. Nxd6 Qf4 17. c5 Nd5 18. O-O Bd7 19. Rad1 Qg5 20. Be2 Nf4 21. Bf3
Bc6 22. Bxc6 bxc6 23. g3 Qxh5 24. gxf4 Qg4+ 25. Kh2 Qh4+ 26. Kg2 Qg4+ 27. Kh2
Qxf4+ 28. Kg2 Qg4+ 29. Kh2 Qh5+ 30. Kg2 Qg4+ 1/2-1/2

[Event "Reykjavik Open 2016"]
[Site "Reykjavik ISL"]
[Date "2016.03.16"]
[Round "10.21"]
[White "Lampert, Jonas"]
[Black "Viglundsson, Bjorgvin"]
[Result "1-0"]
[WhiteTitle "IM"]
[WhiteElo "2472"]
[BlackElo "2164"]
[WhiteFideId "1303759"]
[BlackFideId "2300400"]
[EventDate "2016.03.08"]

1. e4 e5 2. Nf3 Nc6 3. Bb5 a6 4. Ba4 d6 5. d4 Bd7 6. O-O Nge7 7. dxe5 dxe5 8.
Nc3 Ng6 9. Nd5 Bc5 10. c3 O-O 11. b4 Ba7 12. Bb3 h6 13. Qd3 Be6 14. Rd1 Qc8 15.
Be3 Bxe3 16. Qxe3 Rd8 17. Rd2 Rd7 18. Rad1 Qe8 19. Ba4 Rad8 20. Nxc7 Qe7 21.
Nxe6 Rxd2 22. Rxd2 Rxd2 23. Nxd2 Qxe6 24. Bb3 Qd7 25. Nc4 Kh7 26. Nb6 Qe8 27. g3
f6 28. Qc5 Nge7 29. Nd5 Qd7 30. Kg2 Nc8 31. Qf8 Qd8 32. Qf7 Nd6 33. Qe6 Kh8 34.
Bc2 a5 35. a3 axb4 36. axb4 Kh7 37. h4 Kh8 38. Bd3 Kh7 39. f4 Qf8 40. b5 Nd8 41.
Qd7 N6f7 42. Ne7 g6 43. Bc4 b6 44. h5 gxh5 45. Qf5+ Kg7 46. Qg6+ Kh8 47. Qxf6+
Qg7 48. fxe5 Ng5 49. Ng6+ Kh7 50. Nf8+ Kh8 51. Qxd8 1-0

[Event "Reykjavik Open 2016"]
[Site "Reykjavik ISL"]
[Date "2016.03.16"]
[Round "10.23"]
[White "Stefansson, Hannes"]
[Black "Viana, Dirceu"]
[Result "1-0"]
[WhiteTitle "GM"]
[BlackTitle "FM"]
[WhiteElo "2600"]
[BlackElo "2261"]
[WhiteFideId "2300087"]
[BlackFideId "2101360"]
[EventDate "2016.03.08"]

1. e4 e6 2. d4 d5 3. Nc3 Nf6 4. e5 Nfd7 5. f4 c5 6. Nf3 Nc6 7. Be3 cxd4 8. Nxd4
Bc5 9. Qd2 O-O 10. Be2 a6 11. O-O Qc7 12. Bf3 Nxd4 13. Bxd4 b5 14. Ne2 a5 15. a3
b4 16. axb4 Bxb4 17. c3 Be7 18. Rfc1 Nc5 19. Qd1 Rb8 20. Ra3 Ba6 21. b4 Bxe2 22.
Bxe2 axb4 23. cxb4 Rxb4 24. Rac3 Rc8 25. Kh1 Qa5 26. Qg1 g6 27. h4 Rc4 28. Bxc4
Na4 29. R3c2 dxc4 30. Rxc4 Rxc4 31. Rxc4 Qb5 32. Rc8+ Kg7 33. h5 Qe2 34. Qh2
Qd1+ 35. Bg1 h6 36. hxg6 Nb6 37. Rh8 h5 38. Rxh5 1-0

[Event "Reykjavik Open 2016"]
[Site "Reykjavik ISL"]
[Date "2016.03.16"]
[Round "10.24"]
[White "Marin, Mihail"]
[Black "Einarsson, Halldor Gretar"]
[Result "1-0"]
[WhiteTitle "GM"]
[BlackTitle "FM"]
[WhiteElo "2597"]
[BlackElo "2245"]
[WhiteFideId "1200020"]
[BlackFideId "2300150"]
[EventDate "2016.03.08"]

1. d4 Nf6 2. c4 g6 3. Nc3 d5 4. cxd5 Nxd5 5. e4 Nxc3 6. bxc3 Bg7 7. Nf3 c5 8.
Be3 Nc6 9. Rc1 cxd4 10. cxd4 O-O 11. d5 Ne5 12. Nxe5 Bxe5 13. f4 Bd6 14. Kf2 e5
15. dxe6 Bxe6 16. Bc4 Qe7 17. Bxe6 fxe6 18. g3 e5 19. Qd5+ Kg7 20. Kg2 Rad8 21.
Rcd1 exf4 22. Bd4+ Kh6 23. e5 f3+ 24. Kh3 Qg5 25. Qe4 Qh5+ 26. Qh4 Qxh4+ 27.
gxh4 Bb8 28. e6 Rde8 29. Rhe1 f2 30. Be3+ g5 31. e7 Rf3+ 32. Kg4 fxe1=Q 33. Rxe1
Rf4+ 34. Bxf4 gxf4 35. Kf5 Kg7 36. Ke6 f3 37. Rg1+ Kh6 38. Rf1 Bxh2 39. Rxf3 Kh5
40. Rf7 h6 41. Kd7 Rxe7+ 42. Kxe7 Kxh4 43. Kf6 h5 44. Kf5 Bg1 45. Rxb7 Bb6 46.
Rh7 Be3 47. a4 a5 48. Kg6 Kg4 49. Rxh5 Bd2 50. Rf5 Bc3 51. Rf1 Be5 52. Kf7 Bc7
53. Ke6 Bf4 54. Kd5 Bd2 55. Kc4 Bb4 56. Kb5 Kg5 57. Rf7 1-0